| 000 | 00595nam a22001937a 4500 | ||
|---|---|---|---|
| 999 |
_c15871 _d15871 |
||
| 003 | AR-CdUCM | ||
| 008 | 190430b ||||| |||| 00| 0 spa d | ||
| 040 |
_aMUNICIPALIDAD PROVINCIAL DEL CUSCO _cBIBLIOTECA MUNICIPAL DEL CUSCO |
||
| 082 |
_a985.61 / _bE93 |
||
| 100 |
_aEstrada, alcides F. _96009 |
||
| 245 | _aLa fama internacional del Cusco / | ||
| 260 |
_aCuzco : _c1968. |
||
| 300 |
_a30 paginas ; _bIlustraciones, _c22 cm. |
||
| 505 | _aContenido :Historia del Cusco / | ||
| 650 |
_aCusco colonial _91874 |
||
| 650 |
_aHistoria _9136 |
||
| 942 |
_2ddc _cLIBROS |
||
| 945 |
_arjall _d2019-04-30 |
||